|
|
|
|
| LEADER |
00000nab a2200000 a 4500 |
| 001 |
vtls000425417 |
| 003 |
SK-MaSNL |
| 005 |
20260305000436.0 |
| 008 |
250424c1991 xo 0 slo |
| 015 |
|
|
|a SNBRB19rr/mm-uuuuu
|
| 035 |
|
|
|a CL0425545
|
| 035 |
|
|
|a urn:nbn:sk:snk-abbm29
|
| 035 |
|
|
|a (urnnbn)urn:nbn:sk:snk:ar-006dx4
|
| 035 |
|
|
|a (uuid)9f129e16-2893-4741-8cdc-84516ffb6305
|
| 040 |
|
|
|a SNKBUCL
|b slo
|c SNKBUCL
|e AACR2
|
| 041 |
0 |
|
|a cze
|
| 044 |
|
|
|a xo
|c SK
|
| 080 |
|
|
|a 630 2
|2 1981
|
| 100 |
1 |
|
|a Jeník, Jan,
|d 1929-2022
|4 aut
|9 6697
|
| 245 |
1 |
0 |
|a Přirozené lesy České republiky
|c Jan Jeník
|
| 650 |
0 |
7 |
|a lesy prirodzené
|2 snkbucl
|9 1574998
|
| 650 |
0 |
7 |
|a pralesy
|2 snkbucl
|9 51682
|
| 650 |
0 |
7 |
|a Česká republika
|2 snkbucl
|9 894061
|
| 655 |
|
7 |
|a články z novín a časopisov
|2 snkbucl
|9 267496
|
| 700 |
1 |
|
|a Průša, Eduard,
|d 1921-2001
|4 aut
|9 248428
|
| 773 |
0 |
|
|t Životné prostredie
|g Roč. 25, č. 2 (1991), s. 110
|
| 787 |
0 |
8 |
|i Rec.:
|a Průša, E.
|t Přirozené lesy České republiky
|d Praha : Stát. zemědělské nakladatelství, 1990
|
| 850 |
|
|
|a Slovenská národná knižnica
|
| 852 |
|
|
|a Slovenská národná knižnica
|
| 958 |
|
|
|a article15
|
| 958 |
|
|
|a OND
|
| 958 |
|
|
|a RK
|
| 958 |
|
|
|a EUIPO
|
| 992 |
|
|
|a RBX
|
| 999 |
|
|
|c 3213745
|d 3215675
|